000 00965cam a2200229 4500
001 ABS67277
008 031128n2003 000 0 eng u
035 _a(Sirsi) u124515
100 _aJoyce, R.
245 _aDevelopers examine their options
_h[electronic resource]
260 _c2003
490 _aRegeneration and Renewal
_v21 November 2003, 14(1)
520 _aConsiders government plans to reform the existing planning obligations framework outlined in a consultation paper "Contributing to sustainable communitiies - a new approach to planning obligations".
590 _aABS
650 _aPLANNING OBLIGATIONS
650 _aTOWN AND COUNTRY PLANNING ACT 1990 S106
650 _aTOWN AND COUNTRY PLANNING ACT 1990 S106
650 _aDEVELOPMENT
650 _aPLANNING
856 _uhttps://www.planningresource.co.uk/news/418112/ANALYSIS-Developers-examine-options/?DCMP=ILC-SEARCH
_zView the article at www.planningresource.co.uk
942 _n0
999 _c73892
_d73892